Electrónica: diccionario enciclopédico (Registro nro. 13322)
[ vista simple ]
| 000 -Cabecera | |
|---|---|
| Campo de control de longitud fija | 01179nam a22003617a 4500 |
| 005 - Fecha y hora de la última transacción | |
| Campo de control | 20250219163752.0 |
| 008 - Elementos de longitud fija--Información general | |
| Campo de control de longitud fija | 220401b1994 xxu||||| |||| 00| 0 spa d |
| 020 ## - International Standard Book Number | |
| Número Internacional Estándar del Libro (ISBN) | 9701005554 |
| 041 ## - Idioma | |
| Código de idioma | Español |
| 082 ## - Clasificación Decimal Dewey | |
| Número de clasificación | R 621.381.03 G466e |
| 100 ## - Entrada principal--Autor personal | |
| Nombre personal | Gibilisco, Stan |
| 245 ## - Título propiamente dicho | |
| Título | Electrónica: diccionario enciclopédico |
| 260 ## - Pie de imprenta | |
| Lugar de publicación, distribución, etc. | México |
| 260 ## - Pie de imprenta | |
| Nombre del editor, distribuidor, etc. | McGraw- Hill |
| 260 ## - Pie de imprenta | |
| Fecha de publicación, distribución, etc. | 1994 |
| 300 ## - Descripción física | |
| Extensión | 1067 páginas |
| 500 ## - Nota general | |
| Nota general | Tomo 1: abarca de la letra A-D páginas 1-373<br/>Tomo 2: abarca de la letra E- O páginas 374-728<br/>Tomo 3: abarca de la letra P-Z páginas 729-1067 |
| 505 ## - Nota de contenido | |
| Nota de contenido | Tomo 1: abarca de la letra A-D páginas 1-373<br/>Tomo 2: abarca de la letra E- O páginas 374-728<br/>Tomo 3: abarca de la letra P-Z páginas 729-1067 |
| 650 ## - Materia general | |
| Temática (materia general) | DICCIONARIOS |
| 650 ## - Materia general | |
| Temática (materia general) | ELECTRÓNICA |
| 650 ## - Materia general | |
| Temática (materia general) | LEY DE AMPERE |
| 650 ## - Materia general | |
| Temática (materia general) | LEY DE COULOMB |
| 650 ## - Materia general | |
| Temática (materia general) | LEY DE CHILD |
| 650 ## - Materia general | |
| Temática (materia general) | LEY DE ILUMINACIÓN DE LAMBERT |
| 650 ## - Materia general | |
| Temática (materia general) | LEY INVERSA DEL CUADRADO |
| 650 ## - Materia general | |
| Temática (materia general) | LEY DE JOULE |
| 650 ## - Materia general | |
| Temática (materia general) | LEY DE LENZ |
| 650 ## - Materia general | |
| Temática (materia general) | LEY DE OHM |
| 650 ## - Materia general | |
| Temática (materia general) | LEY DE SNELL |
| 650 ## - Materia general | |
| Temática (materia general) | LEY DE KIRCHHOFF |
| 650 ## - Materia general | |
| Temática (materia general) | LEYES ELECTRÓNICA |
| 942 ## - Punto de acceso adicional KOHA | |
| Tipo de ítem KOHA | Referencia |
| Fuente del sistema de clasificación o colocación | Dewey Decimal Classification |
| Signatura completa | Código de barras | Tipo de ítem |
|---|---|---|
| R 621.381.03 G466e | 2597 | Referencia |
| R 621.381.03 G466e | 2598 | Referencia |
| R 621.381.03 G466e | 2599 | Referencia |